[Event "corr"]
[Site "corr"]
[Date "1990.??.??"]
[Round "?"]
[White "Green, Wesley C"]
[Black "Clark, Stephen J"]
[Result "1-0"]
[WhiteElo "2030"]
[BlackElo "1855"]
[PlyCount "45"]
[EventDate "1990.01.03"]
[EventType "match (corr)"]
[EventRounds "10"]
[SourceTitle "Corr 2000"]
[Source "ChessBase"]
[SourceDate "2000.04.19"]
[SourceVersion "1"]
[SourceVersionDate "2000.04.19"]
[SourceQuality "1"]

1. e4 e5 2. Nf3 Nc6 3. Bb5 Nf6 4. 0-0 Bc5 5. c3 a6 6. Ba4 b5 7. Bb3 Bb6 8. d4 0-0 9. dxe5 Nxe4 10. Bd5 Nc5 11. Bg5 Qe8 12. Re1 Ne6 13. Bh4 Bb7 14. Nbd2 Ra7 15. Ne4 Qa8 16. Nf6+ gxf6 17. Bxf6 Re8 18. Nh4 Ne7 19. Bxe6 dxe6 20. Qh5 Bxg2 21. Qg5+ Ng6 22. Qh6 Bxf2+ 23. Kxf2 1-0